Á lódáil...

Commerce: For UGC-NET/SLET and other Competitive Examinations-Objective type questions

Sonraí Bibleagrafaíochta
Príomhúdar: Atlantic Research Division
Formáid: Printed Book
Foilsithe: Atlantic Publishers & Distributors, New Delhi 2013
Ábhair:
LEADER 00563nam a2200157 4500
082 |a R 380 ATL-C 
100 |a Atlantic Research Division 
245 |a Commerce: For UGC-NET/SLET and other Competitive Examinations-Objective type questions  |c Atlantic Research Division 
250
260 |a Atlantic Publishers & Distributors, New Delhi  |c 2013 
300 |a 467 p 
490
650 |a Commerce, UGC/NET 
942 |c REF 
999 |c 129602  |d 129602 
952 |0 0  |1 0  |4 0  |6 R_380_000000000000000_ATLC  |7 0  |9 143064  |a COM  |b COM  |l 0  |o R 380 ATL-C  |p COM07032  |r 2019-10-24  |w 2019-10-24  |y REF